[Event "GBR-ch86"]
[Site "Scarborough"]
[Date "1999.08.09"]
[Round "7.14"]
[White "Saravanan, Venkat"]
[Black "Duncan, Christopher R"]
[Result "1-0"]
[WhiteElo "2429"]
[BlackElo "2297"]
[PlyCount "91"]
[EventDate "1999.08.02"]
[EventType "swiss"]
[EventRounds "11"]
[EventCountry "GBR"]

1. e4 c5 2. Nf3 d6 3. d4 cxd4 4. Nxd4 Nf6 5. Nc3 g6 6. Be3 Bg7 7. f3 Nc6 8. Qd2
Bd7 9. O-O-O Rc8 10. g4 Ne5 11. h4 O-O 12. h5 Qa5 13. Kb1 Nxf3 14. Nxf3 Rxc3
15. h6 Nxe4 16. hxg7 Nxd2+ 17. Bxd2 Rfc8 18. Bxc3 Rxc3 19. bxc3 Bxg4 20. Bg2 h5
21. Rhe1 Qb6+ 22. Ka1 e6 23. Rd2 Bxf3 24. Bxf3 Kxg7 25. Rd4 Qc5 26. Kb2 b6 27.
Red1 d5 28. Be2 Kh6 29. Kb3 f5 30. Bf1 a5 31. a3 b5 32. a4 bxa4+ 33. Rxa4 g5
34. c4 d4 35. c3 dxc3 36. Kxc3 g4 37. Bd3 h4 38. Re1 Qb6 39. Rb1 Qxb1 40. Bxb1
h3 41. Bd3 Kg5 42. Bf1 Kf4 43. Bxh3 gxh3 44. c5+ Kg3 45. c6 h2 46. Ra1 1-0

[Event "GBR-ch86"]
[Site "Scarborough"]
[Date "1999.08.09"]
[Round "7.15"]
[White "Kidambi, Sundara"]
[Black "Webster, Andrew"]
[Result "1/2-1/2"]
[WhiteElo "2334"]
[BlackElo "2427"]
[PlyCount "120"]
[EventDate "1999.08.02"]
[EventType "swiss"]
[EventRounds "11"]
[EventCountry "GBR"]

1. d4 Nf6 2. Nf3 e6 3. Bg5 h6 4. Bh4 c5 5. e3 cxd4 6. exd4 Be7 7. Bd3 b6 8. O-O
O-O 9. c4 Bb7 10. Nc3 d6 11. Re1 Nbd7 12. Bc2 Rc8 13. b3 d5 14. Bd3 dxc4 15.
bxc4 Re8 16. Rc1 Nh5 17. Bxe7 Rxe7 18. Nb5 Ndf6 19. Ne5 a6 20. Nc3 Nf4 21. Bf1
Nd7 22. Ng4 Nf8 23. Qd2 N4g6 24. Ne3 Rd7 25. d5 exd5 26. cxd5 b5 27. Qd4 Ne6
28. Qg4 Nef4 29. g3 h5 30. Qf5 Rdc7 31. gxf4 Rxc3 32. Rxc3 Rxc3 33. Qxh5 Rc5
34. Qg4 Rc7 35. Rd1 Bc8 36. Qg3 Rd7 37. f5 Nf8 38. d6 Nh7 39. Bg2 Bb7 40. Bxb7
Rxb7 41. f6 Nxf6 42. Nf5 g6 43. Qg5 Rd7 44. Rc1 Nd5 45. Qg3 Kf8 46. Rd1 Nf6 47.
Ne7 Ne4 48. Qe5 Rxd6 49. Rxd6 Qxd6 50. Qxe4 Qxe7 51. Qa8+ Kg7 52. Qxa6 Qe1+ 53.
Kg2 Qe4+ 54. Kg1 b4 55. Qb6 Kh6 56. Qf6 Qg4+ 57. Kf1 Qd1+ 58. Kg2 Qd5+ 59. Kf1
Qc4+ 60. Kg2 Qg4+ 1/2-1/2

[Event "GBR-ch86"]
[Site "Scarborough"]
[Date "1999.08.09"]
[Round "7.18"]
[White "Williams, Simon Kim"]
[Black "Haslinger, Stewart"]
[Result "0-1"]
[WhiteElo "2421"]
[BlackElo "2267"]
[PlyCount "110"]
[EventDate "1999.08.02"]
[EventType "swiss"]
[EventRounds "11"]
[EventCountry "GBR"]

1. f4 d5 2. Nf3 Nf6 3. e3 g6 4. d4 Bg7 5. Bd3 c5 6. c3 b6 7. O-O O-O 8. Qe2 Bf5
9. Bxf5 gxf5 10. Bd2 Qd6 11. Be1 Ne4 12. Nbd2 Nxd2 13. Qxd2 Nd7 14. Qc2 Qe6 15.
Ng5 Qg6 16. Bh4 Rfc8 17. Kh1 Nf8 18. Nf3 Qe6 19. Rae1 Ng6 20. Bg3 a5 21. h4 Nf8
22. h5 a4 23. Bh4 h6 24. a3 Nd7 25. Ne5 Bf6 26. Bf2 Bxe5 27. fxe5 f6 28. exf6
Qxf6 29. Bg3 e6 30. Bf4 Qh4+ 31. Kg1 Kh7 32. Qe2 Rg8 33. Rf3 Nf6 34. Be5 Ne4
35. Ref1 Rg4 36. Qb5 Rxg2+ 37. Kxg2 Rg8+ 38. Rg3 Rxg3+ 39. Bxg3 Qxg3+ 40. Kh1
Qh3+ 41. Kg1 Qxe3+ 42. Kh2 Qg3+ 43. Kh1 Qh3+ 44. Kg1 Qg4+ 45. Kh2 Qxh5+ 46. Kg2
Qg4+ 47. Kh2 Qg3+ 48. Kh1 Nf2+ 49. Rxf2 Qxf2 50. Qd7+ Kg6 51. Qxe6+ Kg5 52.
Qxb6 cxd4 53. cxd4 h5 54. Qd8+ Kg4 55. Qxd5 Kh3 0-1

[Event "GBR-ch86"]
[Site "Scarborough"]
[Date "1999.08.09"]
[Round "7.19"]
[White "Dunnington, Angus J"]
[Black "Palliser, Richard"]
[Result "1/2-1/2"]
[WhiteElo "2366"]
[BlackElo "2253"]
[PlyCount "34"]
[EventDate "1999.08.02"]
[EventType "swiss"]
[EventRounds "11"]
[EventCountry "GBR"]

1. e4 c5 2. Nf3 d6 3. Bc4 Nf6 4. d3 Nc6 5. c3 g6 6. Bb3 Bg7 7. O-O O-O 8. Re1
e5 9. Nbd2 Kh8 10. Nf1 d5 11. Bg5 d4 12. Qd2 Qd6 13. cxd4 cxd4 14. Bh6 Nd7 15.
Ng3 Nc5 16. Bc4 Be6 17. Nh5 gxh5 1/2-1/2

[Event "GBR-ch86"]
[Site "Scarborough"]
[Date "1999.08.09"]
[Round "7.20"]
[White "Greet, Andrew"]
[Black "Houska, Miroslav"]
[Result "0-1"]
[WhiteElo "2215"]
[BlackElo "2364"]
[PlyCount "118"]
[EventDate "1999.08.02"]
[EventType "swiss"]
[EventRounds "11"]
[EventCountry "GBR"]

1. e4 e5 2. Nf3 d6 3. d4 exd4 4. Nxd4 g6 5. Nc3 Bg7 6. Be3 Nf6 7. Qd2 O-O 8.
O-O-O Re8 9. f3 a6 10. Bh6 Bh8 11. h4 Nc6 12. Nb3 Ne5 13. Bg5 Qd7 14. h5 Nxh5
15. Nd5 f6 16. Be3 Ng3 17. Rh2 Qf7 18. Qf2 Nxf1 19. Rxf1 f5 20. Rfh1 h5 21. Nc3
f4 22. Bd2 Nc4 23. Be1 b5 24. Nd1 a5 25. Bc3 a4 26. Nd2 Ne5 27. b3 Be6 28. g3
axb3 29. axb3 Ra2 30. gxf4 Qxf4 31. Rg2 Rea8 32. Qe3 Nd3+ 33. cxd3 Qxe3 34.
Nxe3 Bxc3 35. Nb1 Bd4 36. Rxa2 Bxe3+ 37. Rd2 Bxb3 38. Kb2 Bxd2 39. Nxd2 Ra2+
40. Kxb3 Rxd2 41. Kc3 Rf2 42. Rh3 c5 43. d4 Kf7 44. e5 cxd4+ 45. Kxd4 dxe5+ 46.
Kxe5 Re2+ 47. Kf4 b4 48. Kg3 Re5 49. Rh2 b3 50. Rb2 Rb5 51. Kf4 Kf6 52. Ke4
Rb4+ 53. Ke3 Kf5 54. Kf2 Kf4 55. Ke2 Kg3 56. Ke3 h4 57. Rb1 b2 58. Rg1+ Kh2 59.
Rb1 Kg2 0-1

[Event "GBR-ch86"]
[Site "Scarborough"]
[Date "1999.08.09"]
[Round "7.21"]
[White "Davies, Nigel"]
[Black "Farndon, David"]
[Result "1-0"]
[WhiteElo "2518"]
[BlackElo "2238"]
[PlyCount "105"]
[EventDate "1999.08.02"]
[EventType "swiss"]
[EventRounds "11"]
[EventCountry "GBR"]

1. g3 Nf6 2. Bg2 d5 3. Nf3 c6 4. c4 g6 5. b3 Bg7 6. Bb2 O-O 7. O-O Re8 8. d4
Bf5 9. Nbd2 Ne4 10. Nh4 Nxd2 11. Qxd2 Be6 12. Rac1 Nd7 13. e4 dxe4 14. Bxe4 Bh3
15. Rfe1 Nf6 16. Bh1 Qc7 17. Bc3 Rad8 18. Nf3 Bf5 19. Nh4 Bh3 20. Qb2 Bg4 21.
Bg2 Bh6 22. Ra1 Bg7 23. h3 Bc8 24. Re2 g5 25. Nf3 g4 26. hxg4 Nxg4 27. Rae1 Bf5
28. Qa3 e6 29. Ba5 b6 30. Bc3 c5 31. Qb2 Bh6 32. Rd1 cxd4 33. Rxd4 Rxd4 34.
Nxd4 Bd3 35. Re1 Qc5 36. Rd1 Bg6 37. Qe2 Qh5 38. Nf3 e5 39. Rd5 f6 40. Nh4 Bf7
41. Bf3 Be6 42. Rd6 Bc8 43. Rxf6 e4 44. c5 Qxc5 45. Bxg4 Qxc3 46. Rxh6 Qc1+ 47.
Kg2 Qxh6 48. Bxc8 Qg5 49. Qc4+ Kf8 50. Nf5 Qf6 51. Ne3 Re5 52. Bf5 Qe7 53. Qc8+
1-0

[Event "GBR-ch86"]
[Site "Scarborough"]
[Date "1999.08.09"]
[Round "7.22"]
[White "Houska, Jovanka"]
[Black "Ledger, Andrew"]
[Result "1/2-1/2"]
[WhiteElo "2251"]
[BlackElo "2431"]
[PlyCount "138"]
[EventDate "1999.08.02"]
[EventType "swiss"]
[EventRounds "11"]
[EventCountry "GBR"]

1. e4 e5 2. Nf3 Nc6 3. d4 exd4 4. Nxd4 Qh4 5. Nc3 Bb4 6. Ndb5 Ba5 7. Be2 a6 8.
Nd4 Qxe4 9. Nxc6 Qxc6 10. O-O Bxc3 11. Bf3 Qf6 12. bxc3 Ne7 13. Rb1 O-O 14. Ba3
Rb8 15. Bc5 b6 16. Re1 Re8 17. Qe2 d6 18. Bd4 Qe6 19. Qd2 Qd7 20. c4 Bb7 21.
Qg5 Ng6 22. Bxb7 Rxb7 23. h4 h6 24. Qg3 Rbb8 25. h5 Ne5 26. c5 b5 27. cxd6 cxd6
28. f4 Qg4 29. Re3 f6 30. Ba7 Qxg3 31. Rxg3 Rb7 32. fxe5 Rxa7 33. exf6 Re6 34.
fxg7 Rxg7 35. Rxg7+ Kxg7 36. Rb4 Kf6 37. Kf2 Re5 38. Rb3 Rc5 39. Ra3 Rxc2+ 40.
Kf3 Rc6 41. Ke4 Ke6 42. Rg3 Rc4+ 43. Kd3 Rf4 44. Rg8 Ke5 45. g4 Rf3+ 46. Kc2
Rg3 47. Rg6 a5 48. Rxh6 Rxg4 49. Rh8 Kd4 50. h6 Rg2+ 51. Kb1 Rh2 52. h7 d5 53.
Kc1 b4 54. Kb1 a4 55. Kc1 a3 56. Rb8 Rxh7 57. Rxb4+ Kd3 58. Rb3+ Ke2 59. Rxa3
Rc7+ 60. Kb2 Kd2 61. Rb3 d4 62. a4 Ra7 63. Rb4 d3 64. Kb3 Rd7 65. Rh4 Ke3 66.
Rh3+ Kf2 67. Rh1 Ke2 68. Rh2+ Ke3 69. Rh3+ Ke2 1/2-1/2

[Event "GBR-ch86"]
[Site "Scarborough"]
[Date "1999.08.09"]
[Round "7.23"]
[White "Naylor, John"]
[Black "Cobb, James E"]
[Result "1-0"]
[WhiteElo "2233"]
[BlackElo "2349"]
[PlyCount "71"]
[EventDate "1999.08.02"]
[EventType "swiss"]
[EventRounds "11"]
[EventCountry "GBR"]

1. e4 Nc6 2. d4 e5 3. d5 Nce7 4. h4 d6 5. Nc3 f5 6. Bd3 Nf6 7. Bg5 fxe4 8. Nxe4
Neg8 9. Ne2 Be7 10. N2g3 c6 11. c4 Qa5+ 12. Kf1 Bg4 13. f3 Bd7 14. Qb3 Qc7 15.
Nc3 Nh6 16. Bxh6 gxh6 17. Nf5 Nh5 18. Ne2 Rf8 19. g4 Nf6 20. Neg3 h5 21. Ng7+
Kf7 22. N7xh5 Rg8 23. Nxf6 Bxf6 24. Bxh7 Rh8 25. Qd3 Raf8 26. g5 cxd5 27. gxf6
e4 28. Qxd5+ Ke8 29. f7+ Kd8 30. Bxe4 Kc8 31. Bf5 Kb8 32. Rd1 Bxf5 33. Nxf5 Rd8
34. Rg1 Qb6 35. Rg8 a6 36. Rxh8 1-0

[Event "GBR-ch86"]
[Site "Scarborough"]
[Date "1999.08.09"]
[Round "7.24"]
[White "Hanley, Craig"]
[Black "Mason, Donald"]
[Result "1/2-1/2"]
[WhiteElo "2178"]
[BlackElo "2284"]
[PlyCount "62"]
[EventDate "1999.08.02"]
[EventType "swiss"]
[EventRounds "11"]
[EventCountry "GBR"]

1. c4 Nf6 2. Nc3 e5 3. g3 c6 4. d4 exd4 5. Qxd4 d5 6. Bg5 Be7 7. cxd5 cxd5 8.
Bg2 Nc6 9. Qa4 O-O 10. Rd1 Qb6 11. Bxf6 Bxf6 12. Nxd5 Qxb2 13. Qb3 Be6 14. Nh3
Bxd5 15. Bxd5 Qxb3 16. axb3 Rab8 17. O-O Nb4 18. Bf3 b5 19. Rd7 a6 20. Nf4 Rfd8
21. Rfd1 Kf8 22. Rxd8+ Rxd8 23. Rxd8+ Bxd8 24. Nd3 Nxd3 25. exd3 Ke7 26. Bb7 a5
27. Bc6 b4 28. d4 Kd6 29. d5 a4 30. Bxa4 Kxd5 31. Be8 f6 1/2-1/2

[Event "GBR-ch86"]
[Site "Scarborough"]
[Date "1999.08.09"]
[Round "7.25"]
[White "Shaw, Robert"]
[Black "Devereaux, Max"]
[Result "1/2-1/2"]
[WhiteElo "2184"]
[BlackElo "2265"]
[PlyCount "197"]
[EventDate "1999.08.02"]
[EventType "swiss"]
[EventRounds "11"]
[EventCountry "GBR"]

1. e4 c5 2. Nf3 Nc6 3. Bb5 g6 4. O-O Bg7 5. c3 Nf6 6. e5 Nd5 7. d4 cxd4 8. cxd4
O-O 9. Nc3 Nxc3 10. bxc3 a6 11. Bd3 d6 12. exd6 Qxd6 13. a4 Rd8 14. Bg5 Be6 15.
Rb1 Na5 16. Qe2 Rac8 17. Rfc1 f6 18. Bf4 Qd7 19. Re1 Bf7 20. Qxe7 Rxc3 21. Bd2
Rxd3 22. Bxa5 Qxe7 23. Rxe7 Rd5 24. Bb6 Bf8 25. Rxb7 Ra3 26. a5 Rb5 27. Rc1
Raxa5 28. h3 Ra2 29. Rc8 Ra1+ 30. Kh2 Kg7 31. Ne5 fxe5 32. Rcc7 Rxb6 33. Rxb6
exd4 34. Rd7 Ra2 35. Kg3 Ra5 36. Rbb7 Rf5 37. Rxd4 Bc5 38. Rd2 a5 39. f3 a4 40.
Rd8 a3 41. Ra8 Kh6 42. Ra4 Bd5 43. Rh4+ Rh5 44. Rxh5+ gxh5 45. Rb5 Bd6+ 46. f4
h4+ 47. Kxh4 a2 48. Rb6 a1=Q 49. Rxd6+ Kg7 50. Rxd5 Qe1+ 51. g3 Qe7+ 52. Rg5+
Kf7 53. Kh5 Qe6 54. Kh4 h6 55. Re5 Qd7 56. Rh5 Qd8+ 57. Kg4 Kg6 58. Re5 h5+ 59.
Kf3 Qa8+ 60. Kf2 h4 61. gxh4 Qh1 62. h5+ Kf6 63. Kg3 Qg1+ 64. Kf3 Qh2 65. Ke4
Qxh3 66. Rg5 Qh1+ 67. Ke3 Qc1+ 68. Kf3 Qd1+ 69. Ke3 Ke6 70. Re5+ Kf6 71. Rg5
Qe1+ 72. Kf3 Qd2 73. Re5 Qd3+ 74. Kg4 Qd1+ 75. Kg3 Qf1 76. Rg5 Qd3+ 77. Kg4
Qe2+ 78. Kg3 Qe3+ 79. Kg4 Qf2 80. Rf5+ Ke6 81. Re5+ Kd6 82. Rg5 Qg2+ 83. Kf5
Qe2 84. Kg6 Qe8+ 85. Kg7 Qe7+ 86. Kg6 Qe4+ 87. f5 Qe8+ 88. Kg7 Ke5 89. f6+ Ke6
90. Re5+ Kxe5 91. f7 Qe7 92. Kg8 Qg5+ 93. Kh7 Qxh5+ 94. Kg7 Qg4+ 95. Kh8 Qc8+
96. Kg7 Qd7 97. Kh8 Qe7 98. Kg8 Qg5+ 99. Kh7 1/2-1/2

[Event "GBR-ch86"]
[Site "Scarborough"]
[Date "1999.08.09"]
[Round "7.26"]
[White "Bisby, Daniel"]
[Black "Storey, Charles H"]
[Result "0-1"]
[WhiteElo "2252"]
[BlackElo "2211"]
[PlyCount "139"]
[EventDate "1999.08.02"]
[EventType "swiss"]
[EventRounds "11"]
[EventCountry "GBR"]

1. e4 e6 2. d3 d5 3. Nd2 Nf6 4. Ngf3 c5 5. g3 Nc6 6. Bg2 Be7 7. O-O b6 8. Re1
Bb7 9. Qe2 Qc7 10. c3 O-O-O 11. Nf1 h6 12. Bf4 Qd7 13. e5 Nh7 14. d4 g5 15. Be3
c4 16. b3 Na5 17. N3d2 Kb8 18. Qh5 f5 19. exf6 Nxf6 20. Qe2 Rc8 21. b4 Nc6 22.
Bh3 Bd6 23. a4 Rcg8 24. a5 g4 25. Bg2 b5 26. a6 Bc8 27. Nb1 Ne8 28. Ra3 Nc7 29.
Qa2 h5 30. Nbd2 h4 31. Ra1 Ne7 32. Ra5 Nf5 33. Qb1 Rh5 34. Qd1 Qh7 35. Qe2 Bd7
36. Bf4 Bxf4 37. gxf4 Qh6 38. Re1 Qxf4 39. Qe5 Qh6 40. Ne3 Nxe3 41. Qxe3 Qf6
42. Ra2 Rf5 43. Rf1 Bc8 44. Re1 Rg7 45. Nf1 Rf7 46. Ree2 Bxa6 47. Qc1 Bb7 48.
Qa3 a6 49. Qa5 Qg5 50. Qb6 Rf3 51. Qd6 Kc8 52. Rac2 R3f5 53. Re3 Qd8 54. Qxd8+
Kxd8 55. Rce2 Bc8 56. Re5 Rxe5 57. Rxe5 Rf5 58. Ne3 Rxe5 59. dxe5 a5 60. bxa5
Na6 61. Nc2 Nc5 62. Nd4 Bd7 63. h3 gxh3 64. Bxh3 Kc7 65. f4 Kb7 66. f5 exf5 67.
Bg2 Ne4 68. e6 Be8 69. Nxf5 Ka6 70. Bxe4 0-1

[Event "GBR-ch86"]
[Site "Scarborough"]
[Date "1999.08.09"]
[Round "7.27"]
[White "Lilley, Graham"]
[Black "Jackson, Adrian"]
[Result "1-0"]
[WhiteElo "2235"]
[BlackElo "2223"]
[PlyCount "63"]
[EventDate "1999.08.02"]
[EventType "swiss"]
[EventRounds "11"]
[EventCountry "GBR"]

1. c4 Nf6 2. Nc3 g6 3. Nf3 Bg7 4. g3 O-O 5. Bg2 d6 6. d4 Nc6 7. O-O a6 8. h3
Rb8 9. e4 b5 10. cxb5 axb5 11. e5 Ne8 12. Bf4 b4 13. Ne4 Bf5 14. Re1 Bxe4 15.
Rxe4 d5 16. Re2 Na5 17. b3 e6 18. Rc1 c6 19. Bg5 Qd7 20. Ne1 Nc7 21. Nd3 Na6
22. Bd2 Rfc8 23. a3 Bf8 24. Nc5 Bxc5 25. dxc5 Nb7 26. axb4 Nc7 27. Bh6 Nd8 28.
Qd2 Rb7 29. Re4 Ne8 30. Rh4 f5 31. exf6 Nxf6 32. Rf4 1-0

[Event "GBR-ch86"]
[Site "Scarborough"]
[Date "1999.08.09"]
[Round "7.28"]
[White "Buckley, Simon"]
[Black "Thipsay, Bhagyashree"]
[Result "1-0"]
[WhiteElo "2216"]
[BlackElo "2335"]
[PlyCount "78"]
[EventDate "1999.08.02"]
[EventType "swiss"]
[EventRounds "11"]
[EventCountry "GBR"]

1. e4 c6 2. d4 d5 3. e5 c5 4. dxc5 e6 5. Be3 Ne7 6. Bd4 Nf5 7. c3 Bd7 8. Nf3
Nc6 9. Nbd2 b6 10. cxb6 Nfxd4 11. Nxd4 Nxd4 12. b7 Rb8 13. cxd4 Qb6 14. Be2
Qxd4 15. Nf3 Qb4+ 16. Qd2 Qxb7 17. O-O Be7 18. b3 O-O 19. Rfd1 Rbc8 20. Bd3 h6
21. Rac1 Ba3 22. Rxc8 Rxc8 23. Bb1 Qc7 24. Qd3 g6 25. Qe3 Kg7 26. h4 Bc1 27.
Qd4 a5 28. h5 Qc3 29. Qa7 Rc7 30. Qb8 Bf4 31. hxg6 fxg6 32. Qd8 Bxe5 33. Qe7+
Kg8 34. Bxg6 Bc8 35. Qe8+ Kg7 36. Bh5 Bf4 37. Qg6+ Kh8 38. Qe8+ Kg7 39. Nd4 Qd3
1-0

[Event "GBR-ch86"]
[Site "Scarborough"]
[Date "1999.08.09"]
[Round "7.29"]
[White "Stephenson, F Norman"]
[Black "Dearing, Eddie"]
[Result "1-0"]
[WhiteElo "2212"]
[BlackElo "2295"]
[PlyCount "77"]
[EventDate "1999.08.02"]
[EventType "swiss"]
[EventRounds "11"]
[EventCountry "GBR"]

1. d4 d5 2. c4 e6 3. Nc3 c6 4. e4 dxe4 5. Nxe4 Bb4+ 6. Bd2 Qxd4 7. Bxb4 Qxe4+
8. Ne2 Na6 9. Bf8 Ne7 10. Bxg7 Rg8 11. Qd4 Qxd4 12. Bxd4 c5 13. Bc3 Nc6 14. a3
e5 15. f4 Nd4 16. Bxd4 exd4 17. Ng3 f5 18. Bd3 Rf8 19. O-O Be6 20. Rae1 Kd7 21.
Re5 Rf6 22. Nxf5 Raf8 23. Ng7 Bg8 24. Rfe1 Nc7 25. Rxc5 Rxf4 26. Nf5 Ne6 27.
Rd5+ Kc7 28. Nh6 R4f6 29. Nxg8 Rxg8 30. Bxh7 Rg7 31. Rde5 Kd6 32. Bf5 Nf4 33.
g3 Rg5 34. c5+ Kc7 35. Bh7 Nh3+ 36. Kg2 Nf4+ 37. Kh1 d3 38. gxf4 d2 39. fxg5
1-0

[Event "GBR-ch86"]
[Site "Scarborough"]
[Date "1999.08.09"]
[Round "7.30"]
[White "Scannell, Stephen"]
[Black "Smith, Andrew Philip"]
[Result "1-0"]
[WhiteElo "2069"]
[BlackElo "2275"]
[PlyCount "125"]
[EventDate "1999.08.02"]
[EventType "swiss"]
[EventRounds "11"]
[EventCountry "GBR"]

1. d4 Nf6 2. c4 c5 3. d5 e6 4. Nc3 exd5 5. cxd5 d6 6. Nf3 g6 7. Nd2 Nbd7 8. Nc4
Nb6 9. Na3 Bg7 10. Bg5 h6 11. Bh4 g5 12. Bg3 Nh5 13. e3 Nxg3 14. hxg3 a6 15.
Qd3 Qe7 16. Nc2 Nd7 17. a4 Ne5 18. Qd2 b6 19. Be2 Bd7 20. Ra3 O-O 21. Rb3 b5
22. axb5 axb5 23. Nxb5 Rfb8 24. Ra3 Bxb5 25. Bxb5 Qb7 26. Qe2 Qxd5 27. O-O c4
28. Rxa8 Rxa8 29. Nd4 Ra5 30. f4 gxf4 31. gxf4 Nd3 32. Bc6 Qc5 33. Qg4 Qh5 34.
Qc8+ Bf8 35. Bf3 Qg6 36. Qxc4 Rc5 37. Qb3 Rc8 38. f5 Qg5 39. Qxd3 Re8 40. Nc2
Bg7 41. Bd5 Be5 42. Qc4 Rf8 43. Rf3 Qh5 44. Ne1 Kh8 45. Rh3 Qxf5 46. Rxh6+ Kg7
47. Qh4 Bf6 48. Qh5 Bg5 49. Rh7+ Qxh7 50. Qxg5+ Qg6 51. Qxg6+ Kxg6 52. b4 Rc8
53. Kf2 f5 54. Ke2 Kf6 55. Nd3 Rb8 56. Kd2 Ke7 57. Bc6 Kd8 58. Kc3 Kc7 59. b5
Rg8 60. Kd4 Rg4+ 61. Nf4 Kb6 62. Kd5 Rg3 63. Kxd6 1-0

[Event "GBR-ch86"]
[Site "Scarborough"]
[Date "1999.08.09"]
[Round "7.32"]
[White "Simons, Martin"]
[Black "Gokhale, Anupama"]
[Result "1-0"]
[WhiteElo "2264"]
[BlackElo "2181"]
[PlyCount "81"]
[EventDate "1999.08.02"]
[EventType "swiss"]
[EventRounds "11"]
[EventCountry "GBR"]

1. d4 Nf6 2. Nf3 g6 3. Nc3 d5 4. Bf4 Bg7 5. e3 O-O 6. Be2 c6 7. Ne5 Nbd7 8. h4
Nxe5 9. Bxe5 Qd7 10. h5 Ng4 11. Bxg7 Kxg7 12. Rh4 Nh6 13. hxg6 fxg6 14. g4 e5
15. dxe5 Qe7 16. Rh3 Qb4 17. a3 Qxb2 18. Na4 Qxe5 19. f4 Rxf4 20. exf4 Qxf4 21.
Qd2 Qxd2+ 22. Kxd2 Nxg4 23. Bd3 h5 24. Re1 Nf2 25. Rhe3 Nxd3 26. cxd3 Bf5 27.
Re7+ Kf6 28. Rxb7 h4 29. Rc7 h3 30. Rxc6+ Kg5 31. Nc3 h2 32. Nxd5 Rh8 33. Rh1
Bg4 34. Ke3 Rh3+ 35. Kf2 Rf3+ 36. Kg2 Rxd3 37. Rxg6+ Kf5 38. Ne7+ Kf4 39. Rf1+
Rf3 40. Rxf3+ Bxf3+ 41. Kxh2 1-0

[Event "GBR-ch86"]
[Site "Scarborough"]
[Date "1999.08.09"]
[Round "7.33"]
[White "Jackson, Oliver"]
[Black "Tippleston, Charles"]
[Result "1-0"]
[WhiteElo "2242"]
[BlackElo "2171"]
[PlyCount "85"]
[EventDate "1999.08.02"]
[EventType "swiss"]
[EventRounds "11"]
[EventCountry "GBR"]

1. e4 c5 2. Nc3 Nc6 3. f4 e6 4. Nf3 a6 5. g3 d5 6. Bg2 Nf6 7. e5 Ng8 8. O-O g6
9. d3 b5 10. Ne2 Nge7 11. c4 Bb7 12. Be3 Qb6 13. Bf2 Rd8 14. Qe1 bxc4 15. dxc4
d4 16. Ng5 Nc8 17. g4 Nb4 18. Ne4 Bxe4 19. Bxe4 d3 20. Nc3 Nc2 21. Qd1 Be7 22.
Rb1 h5 23. f5 gxf5 24. gxf5 exf5 25. Bxf5 Qh6 26. Qf3 Nd4 27. Bxd4 cxd4 28. Nd5
Nb6 29. Bxd3 Qg7+ 30. Kh1 Nxd5 31. cxd5 Qxe5 32. Qxf7+ Kd7 33. Rbe1 Qg5 34.
Bf5+ Kd6 35. Re6+ Kc5 36. Rc6+ Kb5 37. Bd3+ Ka5 38. Rxa6+ Kb4 39. a3+ Kb3 40.
d6+ Kxb2 41. Rb1+ Kc3 42. Rb3+ Kd2 43. Qf2+ 1-0

[Event "GBR-ch86"]
[Site "Scarborough"]
[Date "1999.08.09"]
[Round "7.34"]
[White "Ledger, David"]
[Black "Buckley, David"]
[Result "1-0"]
[WhiteElo "2240"]
[BlackElo "2163"]
[PlyCount "41"]
[EventDate "1999.08.02"]
[EventType "swiss"]
[EventRounds "11"]
[EventCountry "GBR"]

1. e4 c6 2. d4 d5 3. e5 Bf5 4. Ne2 e6 5. Ng3 Bg6 6. h4 h5 7. Bd3 Bxd3 8. cxd3
Qb6 9. Ne2 Ne7 10. Nd2 Nf5 11. Nf3 Be7 12. Bg5 f6 13. Bd2 Qxb2 14. Rb1 Qxa2 15.
Rxb7 Nd7 16. Nf4 Qa6 17. Qb1 Nb6 18. Rc7 Nxd4 19. Nxd4 fxe5 20. Ng6 Bd8 21.
Nxe6 1-0

[Event "GBR-ch86"]
[Site "Scarborough"]
[Date "1999.08.09"]
[Round "7.35"]
[White "Koneru, Humpy"]
[Black "Waters, Clive"]
[Result "0-1"]
[WhiteElo "2229"]
[BlackElo "2158"]
[PlyCount "38"]
[EventDate "1999.08.02"]
[EventType "swiss"]
[EventRounds "11"]
[EventCountry "GBR"]

1. Nf3 Nc6 2. g3 e5 3. d3 f5 4. c4 Nf6 5. Bg2 Bb4+ 6. Nbd2 O-O 7. O-O Qe8 8. a3
Bxd2 9. Bxd2 d6 10. Bc3 Qh5 11. b4 f4 12. b5 Ne7 13. c5 Bh3 14. cxd6 cxd6 15.
Rc1 Ng4 16. Qb3+ Kh8 17. Be1 fxg3 18. hxg3 Rxf3 19. Bxf3 Bg2 0-1

[Event "GBR-ch86"]
[Site "Scarborough"]
[Date "1999.08.09"]
[Round "7.37"]
[White "Aikhoje, Odion"]
[Black "Buckley, Melanie"]
[Result "1-0"]
[WhiteElo "2341"]
[BlackElo "2075"]
[PlyCount "105"]
[EventDate "1999.08.02"]
[EventType "swiss"]
[EventRounds "11"]
[EventCountry "GBR"]

1. Nf3 Nf6 2. d4 e6 3. Bg5 c5 4. e3 Be7 5. Nbd2 b6 6. Bd3 cxd4 7. exd4 Bb7 8.
O-O O-O 9. Re1 d6 10. Qe2 Nbd7 11. a4 a6 12. c3 h6 13. Bh4 Nh5 14. Bg3 Nxg3 15.
hxg3 Nf6 16. Nc4 b5 17. Ne3 bxa4 18. Rxa4 Qb6 19. Nc4 Qc7 20. Rea1 Rfb8 21. Na5
d5 22. Ne5 Nd7 23. Ng4 Bc8 24. Ne3 Bf8 25. Nd1 e5 26. dxe5 Nxe5 27. Bc2 Bd7 28.
Rd4 Rb5 29. b4 Re8 30. Qd2 Be6 31. Ba4 Rc8 32. Bxb5 axb5 33. Qe2 Nc4 34. Nxc4
dxc4 35. Ne3 Qb7 36. Rdd1 g6 37. Nc2 Bf5 38. Nd4 Bd3 39. Qe5 Bg7 40. Qxb5 Qe4
41. Re1 Qg4 42. Re8+ Kh7 43. Rxc8 Qxc8 44. Qd5 Qc7 45. Nb5 Qe5 46. Qxf7 Qxb5
47. Ra7 Qe5 48. b5 Qxc3 49. b6 Be4 50. b7 Bxb7 51. Rxb7 Qd4 52. Rd7 Qc3 53. f4
1-0

[Event "GBR-ch86"]
[Site "Scarborough"]
[Date "1999.08.09"]
[Round "7.38"]
[White "Cooper, Andrew G"]
[Black "Sugden, John"]
[Result "0-1"]
[WhiteElo "2151"]
[BlackElo "2241"]
[PlyCount "82"]
[EventDate "1999.08.02"]
[EventType "swiss"]
[EventRounds "11"]
[EventCountry "GBR"]

1. d4 Nf6 2. c4 d6 3. Nc3 g6 4. e4 Bg7 5. Be2 Nbd7 6. Bg5 e5 7. d5 h6 8. Be3
Nc5 9. f3 a5 10. Qd2 Nh5 11. O-O-O b6 12. g4 Nf4 13. Bxf4 exf4 14. Qxf4 O-O 15.
h4 f5 16. gxf5 gxf5 17. Qd2 a4 18. Nh3 a3 19. b3 Qf6 20. Rdg1 f4 21. Kc2 Bxh3
22. Rxh3 Kh8 23. h5 Na6 24. Na4 Nc5 25. Rg6 Qa1 26. Nc3 Qb2+ 27. Kd1 Bxc3 28.
Rxh6+ Kg7 29. Rg6+ Kh7 30. Qc2 Qa1+ 31. Qc1 Qxc1+ 32. Kxc1 Be5 33. b4 Nb3+ 34.
Kd1 Nd4 35. Rh4 Rg8 36. Rhg4 Rxg6 37. hxg6+ Kg7 38. Rg5 Rh8 39. c5 bxc5 40.
bxc5 Rh1+ 41. Kd2 Rh2 0-1

[Event "GBR-ch86"]
[Site "Scarborough"]
[Date "1999.08.09"]
[Round "7.40"]
[White "Berry, Neil"]
[Black "McMahon, Paul"]
[Result "1-0"]
[WhiteElo "2200"]
[BlackElo "2030"]
[PlyCount "71"]
[EventDate "1999.08.02"]
[EventType "swiss"]
[EventRounds "11"]
[EventCountry "GBR"]

1. d4 Nf6 2. Nf3 e6 3. c4 d5 4. Nc3 Nbd7 5. cxd5 exd5 6. Bf4 c6 7. h3 Nb6 8. e3
Bf5 9. Be2 Nc8 10. O-O Bd6 11. Ne5 O-O 12. Bh2 Ne4 13. g4 Be6 14. f4 f5 15.
Nxe4 dxe4 16. gxf5 Bxf5 17. Qb3+ Kh8 18. Nf7+ Rxf7 19. Qxf7 Bxh3 20. Rf2 Be7
21. Bg3 Nd6 22. Qh5 Bf5 23. Rh2 Qg8 24. Bd1 g6 25. Qe2 Be6 26. b3 Qg7 27. Rc1
Nf5 28. Bf2 Bd5 29. Qd2 a5 30. Bg4 Bb4 31. Qe2 Rf8 32. Bxf5 Rxf5 33. Rg2 Qe7
34. Qg4 Qf8 35. Bh4 Qe8 36. Qxf5 1-0

[Event "GBR-ch86"]
[Site "Scarborough"]
[Date "1999.08.09"]
[Round "7.41"]
[White "McDonnell, James"]
[Black "Churm, Rohan"]
[Result "0-1"]
[WhiteElo "2051"]
[BlackElo "2168"]
[PlyCount "88"]
[EventDate "1999.08.02"]
[EventType "swiss"]
[EventRounds "11"]
[EventCountry "GBR"]

1. e4 e5 2. Nf3 Nc6 3. Bb5 a6 4. Ba4 Nf6 5. Qe2 b5 6. Bb3 Be7 7. c3 d6 8. O-O
O-O 9. Rd1 Na5 10. Bc2 c5 11. d3 Qc7 12. Nbd2 Nc6 13. Nf1 d5 14. Ng3 Re8 15.
Bg5 d4 16. h3 h6 17. Bd2 Bf8 18. Nh4 g6 19. a4 Be6 20. Qf3 Qe7 21. Qe2 Nh7 22.
Nf3 Bg7 23. cxd4 cxd4 24. Rdc1 Rec8 25. Qd1 Nb4 26. Bb1 Nf8 27. Ne2 Nd7 28. Qe1
Bf8 29. Kf1 Qd6 30. Kg1 a5 31. axb5 Qb6 32. Qd1 Qxb5 33. Ne1 Nc5 34. Bxb4 axb4
35. Rxa8 Rxa8 36. Ng3 h5 37. Qe2 Bh6 38. Rd1 Na4 39. Nf1 Rc8 40. Kh1 Bb3 41.
Bc2 Be6 42. Bb1 b3 43. Nh2 Bc1 44. Nhf3 Bxb2 0-1